Distribution of Legislative powers in the future Indian federation (Record no. 423415)

000 -LEADER
fixed length control field 00423cam a22001337a 4500
008 - FIXED-LENGTH DATA ELEMENTS--GENERAL INFORMATION
fixed length control field 180718b1944 xxu||||| |||| 00| 0 eng d
082 ## - DEWEY DECIMAL CLASSIFICATION NUMBER
Classification number C4x54 R141d
100 ## - MAIN ENTRY--PERSONAL NAME
Personal name Ramaswamy, M.
245 ## - TITLE STATEMENT
Title Distribution of Legislative powers in the future Indian federation
Statement of responsibility, etc. by M. Ramaswamy
260 ## - PUBLICATION, DISTRIBUTION, ETC.
Place of publication, distribution, etc. London
Name of publisher, distributor, etc. Longmans, Green
Date of publication, distribution, etc. 1944
300 ## - PHYSICAL DESCRIPTION
Extent xii, 77p
650 ## - SUBJECT ADDED ENTRY--TOPICAL TERM
Topical term or geographic name entry element Legislative power --India
650 ## - SUBJECT ADDED ENTRY--TOPICAL TERM
Topical term or geographic name entry element Federal government --India
Holdings
Withdrawn status Lost status Damaged status Not for loan Permanent Location Current Location Date acquired Full call number Barcode Date last seen Price effective from Koha item type
        Indian Institute of Public Administration Indian Institute of Public Administration 2009-09-02 C4x54 R141d 29223 2018-07-21 2018-07-21 Book

Powered by Koha